Представление документа в формате RUSMARC

ПолеНазваниеЗначение
  Тип записи a
  Библиографический уровень m
001 Контрольный номер RU/SLIB/B/208755744
005 Дата корректировки 20241202122815.4
010 Индекс ISBN __
d Цена 43600-00
101 Язык документа 0_
a Язык текста rus
200 Заглавие и сведения об ответственности 1_
a Заглавие История полифонии
e Сведения, относящиеся к заглавию в 7 вып.
f Первые сведения об ответственности сост. Т. Н. Дубравская
b Общее обозначение материала Текст
h Номер части Вып. 2
i Наименование части Музыка эпохи Возрождения XVI век
210 Выходные данные 1_
a Место издания М.
c Издательство Музыка
d Дата издания 1996
215 Физическое описание __
a Объем 411 с.
c Иллюстрации/тип воспроизводства ноты
606 Тематические рубрики __
a Основная рубрика Музыка и зрелищные искусства
z Хронологическая подрубрика 16 в.
606 Тематические рубрики __
a Основная рубрика Музыка в целом
610 Ключевые слова 0_
a Ключевые слова полифония; Возрождение; история музыки; музыкальные произведения; композиторы; персоналии; средневековая музыка; зарубежная музыка
686 Индексы других классификаций __
a Классификационный индекс 85.31
702 Вторичная интеллектуальная ответственность _1
a Фамилия Дубравская
b Имя Т. Н.
4 Код отношения Составитель
801 Источник записи _0
a Страна RU
b Организация Муниципальное бюджетное учреждение культуры "Централизованная библиотечная система" г. Сургут (Центральная городская библиотека им. А. С. Пушкина)
g Правила каталогизации КиК/Михайлова
801 Источник записи _1
a Страна RU
b Организация Муниципальное бюджетное учреждение культуры "Централизованная библиотечная система" г. Сургут (Центральная городская библиотека им. А. С. Пушкина)
g Правила каталогизации КиК/Михайлова
852 Данные о местонахождении __
j Шифр хранения 85.31
c Каталожный индекс 85.31
i Авторский знак И 90
p Инвентарный номер 60471
901 Тип документа __
t Тип документа m
990 Данные о заказе (DOS) __
j Количество экземпляров (DOS) 2
t N записи в КСУ для И/У (DOS) 199701